000 01070cam a22003134a 4500
008
020 _a9282011186 (paperback)
040 _aNUST
_cNUST
049 _aMAIN
090 _aLC5258.A2
_bCHI
100 1 _aChilisa, Bagele.,
_aauthor.
245 1 0 _aResearch methods for adult educators in Africa /
_cBagele Chilisa & Julia Preece.
260 _aHamburg :
_bPearson Education ,
_c2005.
300 _axvii, 271 pages :
_billustrations ;
_c25 cm.
336 _atext
_btxt
_2rdacontent
337 _aunmediated
_bn
_2rdamedia
338 _avolume
_bnc
_2rdacarrier
440 0 _aAfrican perspectives on adult learning.
500 _alncludes index.
504 _aIncludes bibliographical references.
650 0 _aAdult education
_xResearch
_zAfrica.
650 0 _aAdult education
_xMethodology.
650 0 _aAdult education teachers
_xTraining of
_zAfrica.
700 1 _aPreece, Julia.,
_aauthor.
907 _a.b10336060
_b10-03-22
_c23-10-13
003
005 20230123122032.0
942 _cBOOKS
_kLC5258.A2
_mCHI
999 _c126692
_d126692